Keď chceli deti lízať med...

Bibliographic Details
Main Author: HU-ka (Author)
Format: Article
Language:Slovak

MARC

LEADER 00000nab a2200000ua 4500
001 vtls010786147
003 SK-MaSNL
005 20260303120237.0
008 230131s1972 xo |||||||||||||||||slo|
035 |a (urnnbn)urn:nbn:sk:snk:ar-a001iq 
035 |a (uuid)a036df07-f9d9-45ae-8f84-9dfc7b761cde 
035 |a urn:nbn:sk:snk-ab4z3w 
040 |a SNKBUCL  |b slo  |c SNKBUCL  |e AACR2 
041 0 |a slo 
044 |a xo  |c SK 
100 1 |a HU-ka  |4 aut  |9 1132676 
245 1 0 |a Keď chceli deti lízať med...  |c Hu-Ka 
773 0 |t Včelár : odborný časopis Povereníctva poľnohospodárstva a lesného hospodárstva a Ústredia včelárskych združení na Slovensku  |g Roč. 46, č. 6 (1972), s. 135 
954 |a odborná, vedecká literatúra pôvodná (slovenská)  |2 lita 
958 |a OND 
958 |a EUIPO 
958 |a article3 
999 |c 1908332  |d 1910262